000 00324nam a2200133Ia 4500
005 20251222155133.0
008 251222s9999||||xx |||||||||||||| ||spa||
082 _aEBA.69
100 _aP.Augusto Mezzano
245 0 _aLavanderia hospitalar organizacao e tecnica
250 _a5ta. ed.
264 _bNo tiene
942 _cLIB
999 _c38892
_d38892